| 000 | 01526nam a2200289 i 4500 | ||
|---|---|---|---|
| 003 | DO-SdBNP | ||
| 005 | 20230620090957.0 | ||
| 006 | a||||gr|||| 00| 0 | ||
| 007 | ta | ||
| 008 | 230614e2022 dr ac||| |||| 00| 0 spa d | ||
| 020 | _a9789945250442 | ||
| 040 |
_aDO-SdBNP _bspa _cBNPHU _erda |
||
| 082 | 4 |
_222 _bH557p |
|
| 100 | 1 |
_935011 _aHernández, Alfredo Rafael |
|
| 245 | 1 | 3 |
_aEl proceso de restauración de la República Dominicana 1861 - 1865: _bnotas sobresalientes./ _cAlfredo Rafael Hernández; edición, Aimara Vera Riverón. |
| 264 | 1 |
_aSanto Domingo : _bArchivo General de la Nación, _c2022 |
|
| 300 |
_a494 páginas ; _c22 cm |
||
| 336 |
_2rdaconten _atexto _btxt |
||
| 337 |
_2rdamedia _asin medición _bn |
||
| 338 |
_2rdacarrier _avolumen _bnc |
||
| 490 |
_aArchivo General de la Nación ; _v460 |
||
| 500 | _aIncluye índice onomástico | ||
| 505 |
_aIntroducción. _tCapitán Ramón González Tablas y la Restauración de la República Dominicana. Capítulo I. La Vega, otros pueblos y aspectos generales de la guerra.-- Capítulo II. El proceso restaurador comienza a tomar forma.-- Capítulo III. La jurisdicción del gobierno de Santiago.-- Capítulo IV. España a la ofensiva.--Capítulo V. Continúan las desavenencias entre los líderes restauradores.-- Capítulo VI. Tras desocupación española se impuso el baecismo.-- _tReferencias bibliográficas.-- _tÍndice onomástico.-- _tAnexos. |
||
| 590 | _aInventariado 2023 / MF | ||
| 700 | 1 |
_977931 _aVera Riverón, Aimara, _eeditor |
|
| 942 |
_2ddc _cLBS1 |
||
| 999 |
_c53816 _d53816 |
||